| 000 | 00836cam a22002534a 4500 | ||
|---|---|---|---|
| 001 | 11781364 | ||
| 005 | 20180216091809.0 | ||
| 008 | 990825s2000 cau b 1 eng | ||
| 010 | _a 99006881 | ||
| 020 | _a0761975608 (acidfree paper) | ||
| 020 | _a0761975616 (pbk. : acidfree paper) | ||
| 040 |
_aDLC _cDLC _dDLC |
||
| 041 | _aeng | ||
| 042 | _apcc | ||
| 080 | _a370.7155 GUS | ||
| 082 | 0 | 0 |
_a370.7155 GUS _221 |
| 100 | 1 | _a47 | |
| 101 | _aEDU | ||
| 245 | 1 | 0 |
_aEvaluating professional development / _cThomas R. Guskey ; foreword by Dennis Sparks. |
| 504 | _aIncludes bibliographical references (p. 277-296) and indexes. | ||
| 906 |
_a7 _bcbc _corignew _d1 _eecip _f19 |
||
| 942 |
_2ddc _cBK |
||
| 999 |
_c42847 _d42847 |
||